000 00955nam a2200325Ia 4500
003 OSt
005 20220912150805.0
006 a|||||r|||| 00| 0
007 ta
008 220909b |||||||| |||| 00| 0 eng d
020 _a0821810626^bpbk
024 _a8794
037 _bHindustan,
037 _cTextual
040 _aCSL
_beng
_cCSL
041 _aeng
082 _aB38, P1
100 _aChen So-Chin
245 0 _aPartial differential equations in several complex variables
260 _aProvidence, Rhode Island
_bAmerican Mathematical Soceity
_c2001
300 _axii, 380p
490 _aAMS/IP studies in advanced mathematics; 19
500 _aAppendix 337-352p; Bibliography 353-365p; Index 373-380p
650 _a Analysis
650 _a Complex Variables
650 _aMathematics
700 _a Shaw Mei-Chi
942 _hB38, P1
_cTEXL
_2CC
999 _c55071
_d55071